000 00465nam a2200181Ia 4500
001 15910
005 20260306170230.0
008 260306t2017||||xx |||||||||||||| ||und||
041 _aESP
082 _a620.3
_bG28
100 _aGatti, Paolo L.
_eAUT
245 0 _aApplied structural and mechanical vibrations:
_btheory and methods
260 _c2017
300 _axxiii, 644 páginas :
_c23 cm.
650 _aGEN
654 _aCII
942 _cLIB
_dJUS
_fJUS
_2ddc
_n
999 _c15910
_d15910